000
00313nam a2200109Ia 4500
008
171211s9999 xx 000 0 und d
245
_a
HTML5 Canvas, 2nd edition
245
_c
Jeff Fulton and Steve Fulton
260
_c
2013
650
_x
Web Development
856
_u
http://down.ebook777.com/013/9781449341909.pdf
999
_c
350080
_d
350080